000
00237nam a22000857a 4500
008
160718b xxu||||| |||| 00| 0 eng d
100
_9
2995
_a
Garg, P.K
245
_a
Practice Exercise in Mathematics Part - I
260
_a
New Delhi
_b
Arya
_c
2006
999
_c
2558
_d
2558